00558nam a2200169Ia 4500008004100000020001800041041000800059082001700067100004100084245004100125250000600166260002700172300001400199650003000213999001900243952012600262210716s2014 xx 000 0 und d a9788126515899 aeng a658.304 SCHR aSchuler, Randall S;Jackson, Susan E. aStrategic human resource management. a2 aNew DelhibWILEYc2014 axviii,478 aHuman Resource Management c209554d209554 001040708MBAaAIMITbAIMITd2016-01-20g629.00l0o658.304 SCHRpMBA12120r2026-05-23 00:00:00v471.75w2021-07-16yBK